000 00452nam a2200145Ia 4500
008 230917s9999||||xx |||||||||||||| ||und||
040 _e173781
_aMAIN
041 _aEnglish
082 _a891.43301731 SI24B
100 _aइन्दिरा
245 0 _aबंजारो की लोक कथाएँ
260 _aदिल्ली
_bप्रेम प्रकासन मन्दिर
_c1980
300 _a77 पृ. p.
942 _cHN
999 _c216292
_d216292